| 000 | 00720nam a2200241Ia 4500 | ||
|---|---|---|---|
| 001 | 1109 | ||
| 003 | GE_BSU | ||
| 008 | 181216s||||||||xx |||||||||||||| ||und|| | ||
| 020 | _a9785970408179 | ||
| 040 | _cGE_BSU | ||
| 080 | _a577.1(075.8) | ||
| 100 | _aХарвуд,Л., Мак-Кендрик,Дж., Уайтхед,Р. | ||
| 245 | _aНаглядная органическая химия | ||
| 245 | _cПод ред.Н.А.Тюкавкиной, С.Э.Зурабяна | ||
| 260 | _aМосква | ||
| 260 | _bГЭОТАР-МЕДИА | ||
| 260 | _c2008 | ||
| 300 | _a112стр. | ||
| 541 | _h50л. | ||
| 653 | _aНаглядная органическая химия | ||
| 653 | _aХимия | ||
| 942 | _cBK | ||
| 999 |
_c35260 _d35260 |
||